000 00477cab a2200205 4500
001 X1487
008 090401t1994 xxu||||| |||| 00| 0 eng d
035 _a(Sirsi) u17361
041 _aeng
245 _aResearch into mapping products
260 _c1994
350 _a0
490 _aCSM (Chartered Surveyor Monthly)
_v3(8) May 1994, 9(1)
650 _aMAPPING
650 _aQUESTIONNAIRE
650 _aRICS
690 _aMAPPING
942 _n0
948 _c04/03/1997
999 _c11514
_d11514